Music Quiz

Random Music or Song Quiz
Score 0/14 Timer 03:00
0 Plays Today
Number Song % Correct
3.)Some Hearts
93.9%
7.)Before He Cheats
90.5%
1.)Wasted
89.8%
2.)Don't Forget to Remember Me
89.1%
4.)Jesus, Take The Wheel
87.8%
6.)Lessons Learned
78.2%
5.)The Night Before (Life Goes On)
74.8%
Number Song % Correct
8.)Starts with Goodbye
74.1%
14.)Inside Your Heaven
74.1%
9.)Just Can't Live A Lie
70.1%
11.)That's Where It Is
67.3%
12.)Whenever You Remember
63.3%
10.)We're Young And Beautiful
62.6%
13.)I Ain't in Checotah Anymore
56.5%
Remove Ads.
Support Sporcle.
Get the best of Sporcle when you Go Orange. This ad-free experience offers more features, more stats, and more fun while also helping to support Sporcle. Thank you for becoming a member.

You're not logged in!

Compare scores with friends on all Sporcle quizzes.
OR
Log In

Show Comments

Extras

Top Quizzes Today


Score Distribution

Your Account Isn't Verified!

In order to create a playlist on Sporcle, you need to verify the email address you used during registration. Go to your Sporcle Settings to finish the process.

Report this User

Report this user for behavior that violates our Community Guidelines.

Details: